| 000 | 00383nam a2200145Ia 4500 | ||
|---|---|---|---|
| 008 | 231217s9999 xx 000 0 und d | ||
| 041 | _aEnglish | ||
| 082 | _a793.73 DIS1;1 R | ||
| 100 | _aDispezio, Michael A Miller, Myron ill | ||
| 245 | 0 | _aCritical thinking puzzles | |
| 260 |
_c2005 _bGoodwill Publ. _aNew Delhi |
||
| 300 | _a96 | ||
| 650 | _aCritical,puzzles | ||
| 942 | _cAA | ||
| 999 |
_c174217 _d174217 |
||